MARC details
| 000 -CABECERA |
| campo de control de longitud fija |
01118nam a2200337Ia 4500 |
| 001 - NÚMERO DE CONTROL |
| campo de control |
3284 |
| 008 - DATOS DE LONGITUD FIJA--INFORMACIÓN GENERAL |
| campo de control de longitud fija |
230305s[2019] xx 000 0 und d |
| 020 ## - NÚMERO INTERNACIONAL ESTÁNDAR DEL LIBRO |
| Número Internacional Estándar del Libro |
9781950922161 |
| 040 ## - FUENTE DE LA CATALOGACIÓN |
| Centro/agencia transcriptor |
tbs |
| 041 ## - CÓDIGO DE LENGUA |
| Código de lengua del texto/banda sonora o título independiente |
eng |
| 043 ## - CÓDIGO DE ÁREA GEOGRÁFICA |
| Código de área geográfica |
en_UK |
| 245 #0 - MENCIÓN DE TÍTULO |
| Título |
Chinese short stories |
| 260 ## - PUBLICACIÓN, DISTRIBUCIÓN, ETC. |
| Nombre del editor, distribuidor, etc. |
[Publisher not identified], |
| Fecha de publicación, distribución, etc. |
[2019] |
| 300 ## - DESCRIPCIÓN FÍSICA |
| Extensión |
98 pages ; 23 cm |
| 500 ## - NOTA GENERAL |
| Nota general |
11 simple stories for beginners who want to learn Mandarin Chinese in less time while also having fun |
| 590 ## - NOTA LOCAL (RLIN) |
| Procedencia (VM) [OBSOLETO] |
Chinese for beginners ; Mandarin Chinese for beginners |
| 650 #0 - PUNTO DE ACCESO ADICIONAL DE MATERIA--TÉRMINO DE MATERIA |
| Término de materia o nombre geográfico como elemento de entrada |
Chinese language |
| Subdivisión general |
Textbooks for foreign speakers |
| -- |
English |
| 9 (RLIN) |
13566 |
| 650 #0 - PUNTO DE ACCESO ADICIONAL DE MATERIA--TÉRMINO DE MATERIA |
| Término de materia o nombre geográfico como elemento de entrada |
Mandarin dialects |
| Subdivisión general |
Textbooks for foreign speakers |
| -- |
English |
| 9 (RLIN) |
13567 |
| 650 #0 - PUNTO DE ACCESO ADICIONAL DE MATERIA--TÉRMINO DE MATERIA |
| Término de materia o nombre geográfico como elemento de entrada |
Chinese language |
| Subdivisión general |
Self-instruction |
| 9 (RLIN) |
13568 |
| 650 #0 - PUNTO DE ACCESO ADICIONAL DE MATERIA--TÉRMINO DE MATERIA |
| Término de materia o nombre geográfico como elemento de entrada |
Mandarin dialects |
| Subdivisión general |
Self-instruction |
| 9 (RLIN) |
13569 |
| 650 ## - PUNTO DE ACCESO ADICIONAL DE MATERIA--TÉRMINO DE MATERIA |
| Término de materia o nombre geográfico como elemento de entrada |
Short stories |
| 9 (RLIN) |
11371 |
| 650 ## - PUNTO DE ACCESO ADICIONAL DE MATERIA--TÉRMINO DE MATERIA |
| Término de materia o nombre geográfico como elemento de entrada |
|
| 9 (RLIN) |
2 |
| 650 ## - PUNTO DE ACCESO ADICIONAL DE MATERIA--TÉRMINO DE MATERIA |
| Término de materia o nombre geográfico como elemento de entrada |
Chinese language |
| 9 (RLIN) |
13570 |
| 650 ## - PUNTO DE ACCESO ADICIONAL DE MATERIA--TÉRMINO DE MATERIA |
| Término de materia o nombre geográfico como elemento de entrada |
Mandarin dialects |
| 9 (RLIN) |
13571 |
| 653 ## - TÉRMINO DE INDIZACIÓN--NO CONTROLADO |
| Término no controlado |
CHINESE READER |
| 700 ## - ENTRADA AGREGADA--NOMBRE PERSONAL |
| Nombre de persona |
Daily Language Learning, |
| Término indicativo de función/relación |
Autor |
| 9 (RLIN) |
22253 |
| 902 ## - ELEMENTOS DE DATOS B LOCAL, LDB (RLIN) |
| a |
1640 |
| 905 ## - ELEMENTOS DE DATOS E LOCAL, LDE (RLIN) |
| a |
m |
| 942 ## - ELEMENTOS DE ENTRADA AGREGADA (KOHA) |
| Código de la institución [OBSOLETO] |
1 |
| Fuente del sistema de clasificación o colocación |
Clasificación Decimal Dewey |